Modelos de informes de auditora̕ y otras opiniones del auditor

Bibliographic Details
Corporate Author: Instituto Mexicano de Contadores Pb︢licos
Format: Book
Language:Spanish
Published: Mx̌ico D.F.: Instituto Mexicano de Contadores Pb︢licos, 2016
Subjects:
Online Access:Acceso restringido

MARC

LEADER 00000nam a22000007a 4500
005 20160121113911.0
007 cr|||| ||u|
008 160121s2015 mx ||||| |||| 00||0 spa d
020 |a 978-607-8384-31-0 
035 |a 13039 
040 |a vLex 
090 |c 5814  |d 5814 
245 1 0 |a Modelos de informes de auditora̕ y otras opiniones del auditor  |h [Recurso electrn̤ico] /  |c Instituto Mexicano de Contadores Pb︢licos 
256 |a Servicio en ln̕ea 
260 |a Mx̌ico D.F.:  |b Instituto Mexicano de Contadores Pb︢licos,  |c 2016 
300 |a 1 recurso electrn̤ico 
500 |a Esta nueva versin̤ de Modelos de informes de auditora̕ y otras opiniones del auditor, fue desarrollada considerando algunas situaciones aplicables en Mx̌ico. En cada capt̕ulo se incluyen generalidades de aplicacin̤ al tema respectivo, las cuales son referencias a las normatividades utilizadas; por lo mismo, los ejemplos incluidos deben considerarse junto con la norma que le sea aplicable y tomando en cuenta los hechos en cada caso. Los modelos incluidos fueron preparados de acuerdo con la normatividad establecida en los boletines de las Normas Internacionales de Auditora̕ emitidas por IFAC, y en las Normas para Atestiguar, las Normas para Revisin̤ y las Normas para Otros Servicios Relacionados, emitidas por el IMCP. En su contenido se destaca el capt̕ulo 8 ́Comparabilidad de los estados financieros?́,el cual incluye ejemplos de cuando se descubren errores en los estados financieros del aǫ anterior por el mismo auditor o por el auditor predecesor, con reformulacin̤ y sin reformulacin̤, asƯ̕ como otros ejemplos que afectan la comparabilidad de los estados financieros como cambios contables o adopcin̤ de reglas particulares. Cabe seąlar que este libro no es normativo, sino que incluye recomendaciones de ejemplos de informes y opiniones, los cuales, sin duda, representan un apoyo importante para la profesin̤ y para los estudiantes. Asimismo, refleja el esfuerzo y compromiso que ha caracterizado a todas las generaciones y miembros de la Comisin̤ de Normas de Auditora̕ y Aseguramiento. 
506 1 |a Contenido solo disponible en los productos indicados  |d vLex Global  |d vLex Global (Academic Edition, excluding Law Schools)  |d vLex Global (U.S. Academic Edition, Law Schools)  |d vLex Global (U.S. Academic Edition, excluding Law Schools)  |d vLex Global (Academic Edition, Law Schools) 
650 0 4 |a Auditora̕   |z Mx̌ico 
710 |a Instituto Mexicano de Contadores Pb︢licos 
740 0 |a vLex libros (servicio en ln̕ea  
856 4 0 |u http://vlex.com/source/modelos-de-informes-de-auditoria-y-otras-opiniones-del-auditor-13039  |z Acceso restringido 
942 |c BOOK 
999 0 |a Auditing  |b Mx̌ico